000 01019cam a22003137a 4500
003 CHAP
005 20220329141736.0
008 971013s1962 mx a r 00010 spa d
010 _a73171
011 _a74143
035 _a83702
040 _cCHAP
090 _aTesis
100 0 0 _aGarcía Martell, Celso.
_946251
245 1 0 _aAfidos colectados en la región de Chapingo
_c/por Celso García Martell
260 _aChapingo, Méx.,
_c1962
300 _a123 h. :
_bilus.
502 _aTesis (Ing. Agr. Esp. en Parasitología Agrícola) -- ENA. Departamento de Parasitología Agrícola
590 _aALEPH
_b10
_c20130110
_lUCH01
_h1415
590 _aBATCH-UPD
_b10
_c20130110
_lUCH01
_h0659
590 _aBATCH-UPD
_b10
_c20130410
_lUCH01
_h0344
590 _aBATCH-UPD
_b10
_c20130913
_lUCH01
_h2005
590 _aCONVERSION
_b10
_c20130109
_lUCH01
_h1340
650 1 4 _aAfídidos.
_91031
901 _aBK
942 _cFOLL
949 _bBC
_cTES
_d-38409
_eTS1
_i83702
_si
949 _bBC
_cTES
_d-38410
_eTS2
_fc.2
_i83702
_si
999 _c73171
_d73171